<?xml version="1.0" encoding="UTF-8"?>
<record
    xmlns:xsi="http://www.w3.org/2001/XMLSchema-instance"
    xsi:schemaLocation="http://www.loc.gov/MARC21/slim http://www.loc.gov/standards/marcxml/schema/MARC21slim.xsd"
    xmlns="http://www.loc.gov/MARC21/slim">

  <leader>00529nam a22001937a 4500</leader>
  <controlfield tag="005">20250730102332.0</controlfield>
  <controlfield tag="008">250730b        |||||||| |||| 00| 0 eng d</controlfield>
  <datafield tag="020" ind1=" " ind2=" ">
    <subfield code="a">978-1-285-86016-9</subfield>
  </datafield>
  <datafield tag="050" ind1=" " ind2=" ">
    <subfield code="a">   HF5415 .L36 2016</subfield>
  </datafield>
  <datafield tag="100" ind1=" " ind2=" ">
    <subfield code="a">LAMB, CHARLES W.</subfield>
  </datafield>
  <datafield tag="245" ind1=" " ind2=" ">
    <subfield code="a">MKTG9</subfield>
  </datafield>
  <datafield tag="250" ind1=" " ind2=" ">
    <subfield code="a">9</subfield>
  </datafield>
  <datafield tag="260" ind1=" " ind2=" ">
    <subfield code="a"> BOSTON, MA</subfield>
    <subfield code="b">CENGAGE LEARNING,</subfield>
    <subfield code="c"> 2016</subfield>
  </datafield>
  <datafield tag="300" ind1=" " ind2=" ">
    <subfield code="a">VIII, 423P.:ILL</subfield>
  </datafield>
  <datafield tag="500" ind1=" " ind2=" ">
    <subfield code="a">INCLUDES BIBLIOGRAPHICAL REFERENCES AND INDEX</subfield>
  </datafield>
  <datafield tag="650" ind1=" " ind2=" ">
    <subfield code="a">MARKETING</subfield>
  </datafield>
  <datafield tag="700" ind1=" " ind2=" ">
    <subfield code="a">HAIR, JOSEPH F. </subfield>
    <subfield code="a">MCDANIEL, CARL</subfield>
  </datafield>
  <datafield tag="942" ind1=" " ind2=" ">
    <subfield code="2">lcc</subfield>
    <subfield code="c">BK</subfield>
  </datafield>
  <datafield tag="999" ind1=" " ind2=" ">
    <subfield code="c">215978</subfield>
    <subfield code="d">215978</subfield>
  </datafield>
  <datafield tag="952" ind1=" " ind2=" ">
    <subfield code="0">0</subfield>
    <subfield code="1">0</subfield>
    <subfield code="2">lcc</subfield>
    <subfield code="4">0</subfield>
    <subfield code="6">HF5415 L36  02016</subfield>
    <subfield code="7">0</subfield>
    <subfield code="8">BUS</subfield>
    <subfield code="9">372737</subfield>
    <subfield code="a">KSUL</subfield>
    <subfield code="b">KSUL</subfield>
    <subfield code="c">DISPLAY</subfield>
    <subfield code="d">2025-07-30</subfield>
    <subfield code="i">109382</subfield>
    <subfield code="l">1</subfield>
    <subfield code="o">   HF5415 .L36 2016</subfield>
    <subfield code="p">000000024434</subfield>
    <subfield code="r">2026-03-19 10:13:23</subfield>
    <subfield code="s">2026-03-12</subfield>
    <subfield code="t">1</subfield>
    <subfield code="w">2025-07-30</subfield>
    <subfield code="y">BK</subfield>
  </datafield>
  <datafield tag="952" ind1=" " ind2=" ">
    <subfield code="0">0</subfield>
    <subfield code="1">0</subfield>
    <subfield code="2">lcc</subfield>
    <subfield code="4">0</subfield>
    <subfield code="6">HF5415 L36  02016</subfield>
    <subfield code="7">0</subfield>
    <subfield code="8">BUS</subfield>
    <subfield code="9">372738</subfield>
    <subfield code="a">KSUL</subfield>
    <subfield code="b">KSUL</subfield>
    <subfield code="c">DISPLAY</subfield>
    <subfield code="d">2025-07-30</subfield>
    <subfield code="i">109383</subfield>
    <subfield code="l">1</subfield>
    <subfield code="o">  HF5415 .L36 2016</subfield>
    <subfield code="p">000000024433</subfield>
    <subfield code="r">2025-12-06 14:35:03</subfield>
    <subfield code="s">2025-11-22</subfield>
    <subfield code="t">2</subfield>
    <subfield code="w">2025-07-30</subfield>
    <subfield code="y">BK</subfield>
  </datafield>
  <datafield tag="952" ind1=" " ind2=" ">
    <subfield code="0">0</subfield>
    <subfield code="1">0</subfield>
    <subfield code="2">lcc</subfield>
    <subfield code="4">0</subfield>
    <subfield code="6">HF5415 L36  02016</subfield>
    <subfield code="7">0</subfield>
    <subfield code="8">BUS</subfield>
    <subfield code="9">372739</subfield>
    <subfield code="a">KSUL</subfield>
    <subfield code="b">KSUL</subfield>
    <subfield code="c">DISPLAY</subfield>
    <subfield code="d">2025-07-30</subfield>
    <subfield code="i">109384</subfield>
    <subfield code="l">0</subfield>
    <subfield code="o">  HF5415 .L36 2016</subfield>
    <subfield code="p">000000024432</subfield>
    <subfield code="r">2025-07-30 10:24:00</subfield>
    <subfield code="t">3</subfield>
    <subfield code="w">2025-07-30</subfield>
    <subfield code="y">BK</subfield>
  </datafield>
  <datafield tag="952" ind1=" " ind2=" ">
    <subfield code="0">0</subfield>
    <subfield code="1">0</subfield>
    <subfield code="2">lcc</subfield>
    <subfield code="4">0</subfield>
    <subfield code="6">HF5415 L36  02016</subfield>
    <subfield code="7">0</subfield>
    <subfield code="8">BUS</subfield>
    <subfield code="9">372740</subfield>
    <subfield code="a">KSUL</subfield>
    <subfield code="b">KSUL</subfield>
    <subfield code="c">DISPLAY</subfield>
    <subfield code="d">2025-07-30</subfield>
    <subfield code="i">109385</subfield>
    <subfield code="l">0</subfield>
    <subfield code="o">  HF5415 .L36 2016</subfield>
    <subfield code="p">000000024377</subfield>
    <subfield code="r">2025-07-30 10:24:00</subfield>
    <subfield code="t">4</subfield>
    <subfield code="w">2025-07-30</subfield>
    <subfield code="y">BK</subfield>
  </datafield>
  <datafield tag="952" ind1=" " ind2=" ">
    <subfield code="0">0</subfield>
    <subfield code="1">0</subfield>
    <subfield code="2">lcc</subfield>
    <subfield code="4">0</subfield>
    <subfield code="6">HF5415 L36  02016</subfield>
    <subfield code="7">0</subfield>
    <subfield code="8">BUS</subfield>
    <subfield code="9">372741</subfield>
    <subfield code="a">KSUL</subfield>
    <subfield code="b">KSUL</subfield>
    <subfield code="c">DISPLAY</subfield>
    <subfield code="d">2025-07-30</subfield>
    <subfield code="i">109386</subfield>
    <subfield code="l">0</subfield>
    <subfield code="o">  HF5415 .L36 2016</subfield>
    <subfield code="p">000000024376</subfield>
    <subfield code="r">2025-07-30 10:24:00</subfield>
    <subfield code="t">5</subfield>
    <subfield code="w">2025-07-30</subfield>
    <subfield code="y">BK</subfield>
  </datafield>
</record>
